00869nam a22001337a 4500003000900000005001700009008004100026040001300067245006800080260006000148300001800208490004200226520046700268IT-RoPau20220918181107.0130531b xxu||||| |||| 00| 0 eng d cIT-RoPau aJunior - Anno I n° 1 - Periodico della Comunità Juniores SSP aRomabComunità Juniores SSP Provincia Italianac1985 a22 pp.c21 cm aJuniorvAnno I - n°1 - Maggio 1985 aSommario Presentazione - Walter Fontanini Piacere, mi chiamo... - Junior Lettera del mese - a cura di W. F. La tua parola nel rivelarsi illumina - Walter Fontanini A.A.A. Cercasi casa - Gerardo Curto Quando pensare è uno sguardo d'amore - Antonio Rizzolo Scuola di Preghiera - Gino Valeretto Giromondo per il tondo - a cura di Francisco Rebelo Vi parliamo di noi - Vincenzo Santarcangelo Servo di Dio, Servo degli uomini - Pasquale Fauci La frittata - C.A.F.